000 00848nam a2200253 4500
003 OSt
005 20240605055107.0
006 a
008 240605b |||||||| |||| 00| 0 eng d
020 _a9780071278515
040 _aDWCL-HMN lib.
_cOC
082 _2International edition
_aCirc. 647.94 A565i 2008
100 _aAndrews, Sudhir
245 _aIntroduction to tourism and hospitality industry /
250 _aInternational edition
260 _aNew Delhi, India :
_bTata McGraw-Hill,
_c c2008.
300 _axv,
_b236 pages : illustrations ;
_c24 cm.
504 _aIncludes appendices, glossary.
650 _a1. Hospitality industry–Management.
650 _a2. Tourism–Management.
650 _a. Hospitality industry–Vocational guidance.
700 _aSudhir Andrews
942 _2ddc
_n0
_cBK-CIRC
_eInternational edition
_kCirc.
999 _c183
_d183